000 00622nam a2200205Ia 4500
003 GCL
008 140319s9999 xx 000 0 ara d
040 _aGCL /
_cGCL
082 0 4 _a928.1
_bق ش
100 1 _aابوالقاسم الشابى
245 1 0 _aالشابى : حياتة - شعرة /
_cابوالقاسم الشابى
300 _a238 ص
490 _a
650 0 4 _aابوالقاسم الشابى
650 0 4 _aالشعر الحماسى
650 0 4 _aالشعراء العرب
650 0 4 _aالرجال - تراجم
650 0 4 _aالادب العربى - العصر الحديث
942 _2ddc
_cBK
999 _c39815
_d39815